Keď detstvo bolí

Saved in:
Bibliographic Details
Main Author Gibson, Lindsay
Format Electronic eBook
LanguageCzech
Published Grada SK 2022
Edition1. elektronické vydání
Subjects
Online AccessDostupné v BOOKPORT po přihlášení pomocí eduID
ISBN978-80-8090-330-5
978-80-8090-328-2
Physical Description1 online zdroj (256 stran)

Cover

LEADER 00000nam a2200000 i 4500
001 bkp100124
003 CZ-prgp
005 20230313115027.0
006 m o d
007 cr cn
008 230313s2022 xr o 000 0 cze
020 |a 978-80-8090-330-5  |c 319 Kč  |q (online ; epub) 
020 |a 978-80-8090-328-2  |c 375 Kč  |q (print) 
040 |a Grada  |b cze  |e rda 
100 1 |a Gibson, Lindsay 
245 1 0 |a Keď detstvo bolí  |c Lindsay Gibson 
250 |a 1. elektronické vydání 
264 1 |b Grada SK  |c 2022 
300 |a 1 online zdroj (256 stran) 
336 |a text  |b txt  |2 rdacontent 
337 |a počítač  |b c  |2 rdamedia 
338 |a online zdroj  |b cr  |2 rdacarrier 
520 3 |a Ak ste vyrastali s emocionálne nezrelým, nedostupným alebo sebeckým rodičom, môžete mať v sebe pretrvávajúce pocity hnevu, osamelosti, zrady alebo opustenia. Tieto rany si však môžete zahojiť a vďaka tomu sa posunúť vo svojom živote vpred. V tejto prelomovej knihe klinická psychologička Lindsay Gibson odhaľuje deštruktívnu povahu rodičov, ktorí sú emocionálne nezrelí alebo nedostupní. 
650 0 4 |a Psychologie pro každého 
856 4 0 |u https://www.bookport.cz/AccountSaml/SignIn/?idp=https://shibboleth.utb.cz/idp/shibboleth&returnUrl=/kniha/ked-detstvo-boli-11583/  |y Dostupné v BOOKPORT po přihlášení pomocí eduID